000 00696nam a2200241 i 4500
001 000032148
003 DO-SdBNP
005 20240412074009.0
007 ta
008 110713s1976 dr 000 | spa d
040 _aDO-SdBNP
_bspa
_cBNPHU
_erda
082 _bM671c, 1963
_222
100 1 _aMir, Pedro,
_d1913-2000
_97245
245 1 0 _aContracanto a Walt Whitman :
_bcanto a nosotros mismos /
_cPedro Mir.
264 1 _aSanto Domingo :
_bTaller,
_c1976.
300 _a29 páginas;
_c13 cm.
336 _2rdacontent
_atexto
_btxt
337 _2rdamedia
_asin mediación
_bn
338 _2rdacarrier
_avolumen
_bnc
590 _aInventariado, 2023/ YL
910 _aYLockward
942 _2ddc
_cLF2
999 _c31639
_d31639